[Event "Budapest-chT1 Lilienthal 1718"]
[Site "Budapest"]
[Date "2018.02.11"]
[Round "9"]
[White "Morvay, Miklos"]
[Black "Juracsik, Jozsef"]
[Result "1-0"]
[WhiteElo "2164"]
[BlackElo "2102"]
[PlyCount "211"]
[EventDate "2017.10.01"]
[EventType "team-tourn"]
[EventRounds "13"]
[EventCountry "HUN"]
[SourceTitle "EXT 2021"]
[Source "ChessBase"]
[SourceDate "2020.10.23"]
[SourceVersion "1"]
[SourceVersionDate "2020.10.23"]
[SourceQuality "1"]
[WhiteTeam "Aquarena III"]
[BlackTeam "Siraly"]
[WhiteTeamCountry "HUN"]
[BlackTeamCountry "HUN"]

1. e4 c5 2. d4 cxd4 3. c3 d3 4. Bxd3 Nc6 5. Nf3 d6 6. h3 Nf6 7. c4 g6 8. Nc3 Bg7 9. 0-0 0-0 10. Bg5 h6 11. Be3 Kh7 12. Qd2 a5 13. Rad1 a4 14. Qe2 Qa5 15. Nd5 Nxd5 16. exd5 Nb4 17. Bb1 Na6 18. Bd4 Re8 19. Bxg7 Kxg7 20. Rd4 e5 21. Rh4 Qd8 22. Qe3 Rh8 23. g3 b6 24. Nd2 Nc5 25. f4 f6 26. fxe5 dxe5 27. Nf3 Qd6 28. Nh2 g5 29. Rh5 Bd7 30. Ng4 Bxg4 31. hxg4 e4 32. Rh2 Rae8 33. Rhf2 Rhf8 34. Kg2 Qe5 35. Re2 Qd6 36. Rfe1 Qd7 37. b4 axb3 38. axb3 Qxg4 39. b4 Nd7 40. Bxe4 Re5 41. Qf3 Qxf3+ 42. Bxf3 Kg6 43. Rxe5 Nxe5 44. c5 bxc5 45. bxc5 g4 46. Bd1 Rd8 47. Bc2+ Kg5 48. d6 Ra8 49. Rxe5+ fxe5 50. c6 Ra2 51. d7 Rxc2+ 52. Kf1 Rxc6 53. d8Q+ Rf6+ 54. Ke2 h5 55. Ke3 Kg6 56. Qg8+ Kh6 57. Ke4 Rf3 58. Qh8+ Kg6 59. Qe8+ Kg5 60. Qxe5+ Kg6 61. Qc5 Rf6 62. Qa7 Rf7 63. Qb8 Rf3 64. Kd5 Rf5+ 65. Ke6 Rf6+ 66. Ke7 Rf7+ 67. Ke8 Rf3 68. Qe5 Kh6 69. Ke7 Kg6 70. Ke6 Kh6 71. Qe4 Kg7 72. Qb7+ Kg6 73. Qb1+ Kg7 74. Qc1 Kg6 75. Ke5 Rf5+ 76. Ke4 Rf3 77. Qd2 Rf6 78. Qa2 Rf3 79. Qd2 Rf6 80. Qc2 Rf3 81. Qc6+ Rf6 82. Qe8+ Kh6 83. Ke5 Rf3 84. Qc6+ Kg7 85. Qe4 Kh6 86. Qd4 Kg6 87. Ke6 Kh6 88. Ke7 Kg6 89. Qe4+ Kh6 90. Qe6+ Kg7 91. Qe4 Rf7+ 92. Ke6 Rf6+ 93. Ke5 Rf3 94. Qc6 Rf7 95. Ke4 Rf6 96. Qc3 Kg6 97. Qc2 Rf3 98. Ke5+ Kg7 99. Qe4 Rf7 100. Qd4 Kg6 101. Qb6+ Kg7 102. Qd8 Kg6 103. Qg8+ Rg7 104. Qe6+ Kh7 105. Kf5 Rg8 106. Qf7+ 1-0

[Event "Budapest-chT1 Lilienthal 1718"]
[Site "Budapest"]
[Date "2018.02.04"]
[Round "8"]
[White "Kaposztas, Miklos"]
[Black "Morvay, Miklos"]
[Result "1/2-1/2"]
[WhiteElo "2100"]
[BlackElo "2164"]
[PlyCount "33"]
[EventDate "2017.10.01"]
[EventType "team-tourn"]
[EventRounds "13"]
[EventCountry "HUN"]
[SourceTitle "EXT 2021"]
[Source "ChessBase"]
[SourceDate "2020.10.23"]
[SourceVersion "1"]
[SourceVersionDate "2020.10.23"]
[SourceQuality "1"]
[WhiteTeam "Budapest Vasas II"]
[BlackTeam "Aquarena III"]
[WhiteTeamCountry "HUN"]
[BlackTeamCountry "HUN"]

1. c4 c5 2. Nf3 Nc6 3. g3 g6 4. d4 cxd4 5. Nxd4 Bg7 6. Nc2 Nf6 7. Nc3 d6 8. Bg2 Be6 9. Nd5 Nd7 10. 0-0 a5 11. Rb1 0-0 12. h3 Nc5 13. Be3 Bf5 14. a4 Be4 15. f3 Bxc2 16. Qxc2 Nb4 17. Qd2 1/2-1/2

[Event "Budapest-chT1 Lilienthal 1718"]
[Site "Budapest"]
[Date "2018.01.14"]
[Round "6"]
[White "Lukacs, Albert"]
[Black "Morvay, Miklos"]
[Result "0-1"]
[WhiteElo "1929"]
[BlackElo "2164"]
[PlyCount "103"]
[EventDate "2017.10.01"]
[EventType "team-tourn"]
[EventRounds "13"]
[EventCountry "HUN"]
[SourceTitle "EXT 2021"]
[Source "ChessBase"]
[SourceDate "2020.10.23"]
[SourceVersion "1"]
[SourceVersionDate "2020.10.23"]
[SourceQuality "1"]
[WhiteTeam "Palota Sakk"]
[BlackTeam "Aquarena III"]
[WhiteTeamCountry "HUN"]
[BlackTeamCountry "HUN"]

1. e4 c5 2. Nf3 d6 3. Bc4 a6 4. d3 b5 5. Bb3 e6 6. a4 Bb7 7. axb5 axb5 8. Rxa8 Bxa8 9. Na3 Bc6 10. c4 Qa5+ 11. Bd2 b4 12. 0-0 Nd7 13. Qa1 Ngf6 14. Nc2 Qb6 15. Ba4 Be7 16. Bxc6 Qxc6 17. Qa7 0-0 18. Ra1 Rb8 19. Bf4 Ne8 20. d4 Rb7 21. Qa8 Nb6 22. Qa6 Qc8 23. b3 Nc7 24. Qa5 cxd4 25. Ncxd4 e5 26. Nf5 Bf8 27. Be3 Nd7 28. Rd1 Ne8 29. Qa6 Ndf6 30. Ng3 g6 31. h3 Nd7 32. Rd5 Nc7 33. Qc6 Nb8 34. Qa4 Nxd5 35. exd5 Nd7 36. Ne4 f5 37. Neg5 f4 38. Bd2 Nc5 39. Qa2 h6 40. Ne6 Nxe6 41. dxe6 Qxe6 42. Qa6 Qf7 43. c5 Ra7 44. Qd3 Qf5 45. Qd5+ Kh7 46. cxd6 e4 47. Ne5 e3 48. fxe3 fxe3 49. Bxe3 Ra1+ 50. Kh2 Bg7 51. Qd2 Bxe5+ 52. g3 0-1

[Event "Budapest-chT1 Lilienthal 1718"]
[Site "Budapest"]
[Date "2017.11.19"]
[Round "4"]
[White "Daamen, Ferry"]
[Black "Morvay, Miklos"]
[Result "1/2-1/2"]
[WhiteElo "2019"]
[BlackElo "2164"]
[PlyCount "21"]
[EventDate "2017.10.01"]
[EventType "team-tourn"]
[EventRounds "13"]
[EventCountry "HUN"]
[SourceTitle "EXT 2021"]
[Source "ChessBase"]
[SourceDate "2020.10.23"]
[SourceVersion "1"]
[SourceVersionDate "2020.10.23"]
[SourceQuality "1"]
[WhiteTeam "Fabulon"]
[BlackTeam "Aquarena III"]
[WhiteTeamCountry "HUN"]
[BlackTeamCountry "HUN"]

1. Nf3 c5 2. c4 g6 3. Nc3 Bg7 4. g3 Nc6 5. Bg2 e6 6. 0-0 Nge7 7. d3 0-0 8. Bf4 d5 9. cxd5 exd5 10. Qd2 b6 11. a3 1/2-1/2

[Event "HUN-chT2 Erkel 1617"]
[Site "Hungary"]
[Date "2017.02.26"]
[Round "9.8"]
[White "Morvay, Miklos"]
[Black "Horvath, Csaba1111"]
[Result "1-0"]
[WhiteElo "2175"]
[BlackElo "1826"]
[PlyCount "67"]
[EventDate "2016.09.25"]
[EventType "team-tourn"]
[EventRounds "11"]
[EventCountry "HUN"]
[SourceTitle "EXT 2021"]
[Source "ChessBase"]
[SourceDate "2020.10.23"]
[SourceVersion "1"]
[SourceVersionDate "2020.10.23"]
[SourceQuality "1"]
[WhiteTeam "Budapest Kobanya II"]
[BlackTeam "Sarkany DSE"]
[WhiteTeamCountry "HUN"]
[BlackTeamCountry "HUN"]

1. e4 c5 2. d4 cxd4 3. c3 d3 4. Bxd3 Nc6 5. Nf3 Qc7 6. 0-0 Nf6 7. c4 e6 8. Nc3 a6 9. h3 Be7 10. Be3 d6 11. Rc1 Nd7 12. Nd5 Qd8 13. Nxe7 Qxe7 14. Qd2 0-0 15. b4 Nde5 16. Be2 Nxf3+ 17. Bxf3 Ne5 18. Be2 f5 19. f4 Nf7 20. exf5 exf5 21. Bf3 Be6 22. Bd4 Rac8 23. Bb2 Nd8 24. Rfd1 Qf7 25. Qd4 Rxc4 26. Qxd6 Rxc1 27. Rxc1 Nc6 28. Bxc6 bxc6 29. Rxc6 Bd7 30. Rxa6 Bb5 31. Rb6 Qxa2 32. Qe5 Qa7 33. Qxb5 Rb8 34. Bd4 1-0

[Event "HUN-chT2 Erkel 1617"]
[Site "Hungary"]
[Date "2017.01.29"]
[Round "7.6"]
[White "Morvay, Miklos"]
[Black "Toth, Pal1111"]
[Result "1-0"]
[WhiteElo "2175"]
[BlackElo "1938"]
[PlyCount "48"]
[EventDate "2016.09.25"]
[EventType "team-tourn"]
[EventRounds "11"]
[EventCountry "HUN"]
[SourceTitle "EXT 2021"]
[Source "ChessBase"]
[SourceDate "2020.10.23"]
[SourceVersion "1"]
[SourceVersionDate "2020.10.23"]
[SourceQuality "1"]
[WhiteTeam "Budapest Kobanya II"]
[BlackTeam "Salgotarjan"]
[WhiteTeamCountry "HUN"]
[BlackTeamCountry "HUN"]

1. e4 c6 2. c4 d6 3. d4 Nf6 4. Nc3 Nbd7 5. Nf3 e5 6. Be2 Be7 7. 0-0 0-0 8. h3 Re8 9. d5 c5 10. a3 Nf8 11. Be3 Ng6 12. Qd2 Bd7 13. Kh2 Nh5 14. Ng1 Nhf4 15. Bg4 Bxg4 16. hxg4 Bg5 17. g3 Qf6 18. f3 Bh4 19. Qf2 Nd3 20. Qg2 Ngf4 21. Bxf4 exf4 22. gxh4 Qxh4+ 23. Nh3 h5 24. Rg1 Re5 1-0

[Event "HUN-chT2 Breyer 1516"]
[Site "Hungary"]
[Date "2016.04.03"]
[Round "10.4"]
[White "Morvay, Miklos"]
[Black "Csuta, Akos Koppany"]
[Result "1-0"]
[WhiteElo "2147"]
[BlackElo "2052"]
[PlyCount "99"]
[EventDate "2015.09.13"]
[EventType "team-tourn"]
[EventRounds "11"]
[EventCountry "HUN"]
[SourceTitle "EXT 2017"]
[Source "ChessBase"]
[SourceDate "2016.10.25"]
[SourceVersion "1"]
[SourceVersionDate "2016.10.25"]
[SourceQuality "1"]
[WhiteTeam "Kobanya Aquarena"]
[BlackTeam "Gyor UDSE"]
[WhiteTeamCountry "HUN"]
[BlackTeamCountry "HUN"]

1. e4 c5 2. d4 cxd4 3. c3 d3 4. Bxd3 Nc6 5. Nf3 g6 6. c4 d6 7. h3 Bg7 8. 0-0 Nf6 9. Nc3 0-0 10. Bg5 Re8 11. Qd2 Be6 12. Nd5 Nd7 13. Rac1 a5 14. b3 Nc5 15. Bb1 Bxd5 16. exd5 Nb4 17. Rfe1 Qd7 18. Re3 b6 19. a3 Nba6 20. b4 axb4 21. axb4 Nb7 22. Rce1 f6 23. Bf4 Rac8 24. b5 Nb8 25. Qe2 Rc7 26. Nd4 Nc5 27. Ne6 Ra7 28. Nxc5 bxc5 29. Re6 Rb7 30. Bxd6 Rb6 31. Bxc5 Rxe6 32. Qxe6+ Qxe6 33. Rxe6 Rc8 34. Bxe7 Rxc4 35. Ba2 Rc2 36. Bb3 Rc1+ 37. Kh2 Rc3 38. Re3 Rxe3 39. fxe3 Kf7 40. Bd6 Nd7 41. Bc7 Bh6 42. d6+ Ke8 43. b6 Nxb6 44. Bxb6 Kd7 45. Bc5 f5 46. Ba4+ Ke6 47. d7 Bg5 48. Bb6 f4 49. exf4 Bxf4+ 50. g3 1-0

[Event "HUN-chT2 Breyer 1516"]
[Site "Hungary"]
[Date "2015.11.29"]
[Round "5.6"]
[White "Morvay, Miklos"]
[Black "Tessedik, Karoly"]
[Result "1/2-1/2"]
[WhiteElo "2147"]
[BlackElo "1879"]
[PlyCount "65"]
[EventDate "2015.09.13"]
[EventType "team-tourn"]
[EventRounds "11"]
[EventCountry "HUN"]
[SourceTitle "CBM 170 Extra"]
[Source "ChessBase"]
[SourceDate "2016.02.25"]
[SourceVersion "1"]
[SourceVersionDate "2016.02.25"]
[SourceQuality "1"]
[WhiteTeam "Kobanya Aquarena"]
[BlackTeam "TTC Sakk"]
[WhiteTeamCountry "HUN"]
[BlackTeamCountry "HUN"]

1. e4 c6 2. c4 d5 3. cxd5 cxd5 4. exd5 Nf6 5. Qa4+ Bd7 6. Qb3 Qc7 7. Nc3 a6 8. a4 e6 9. Bc4 exd5 10. Nxd5 Nxd5 11. Bxd5 Bc6 12. Nf3 Bd6 13. 0-0 0-0 14. d4 Bxd5 15. Qxd5 Nc6 16. Bd2 Rad8 17. Qb3 Nxd4 18. Nxd4 Bxh2+ 19. Kh1 Rxd4 20. Qc3 Rh4 21. g3 Bxg3+ 22. Kg2 Qxc3 23. Bxc3 Bf4 24. Rfd1 Rh6 25. Rd7 b6 26. Rad1 Rg6+ 27. Kf3 Bg5 28. Ra7 a5 29. b4 Bf6 30. Be1 h5 31. bxa5 bxa5 32. Rxa5 Rg5 33. Rad5 1/2-1/2

[Event "HUN-chT2 Maroczy 1314"]
[Site "Hungary"]
[Date "2014.04.27"]
[Round "11"]
[White "Pesztericz, Laszlo"]
[Black "Morvay, Miklos"]
[Result "1/2-1/2"]
[WhiteElo "2094"]
[BlackElo "2184"]
[PlyCount "26"]
[EventDate "2013.09.08"]
[EventType "team-tourn"]
[EventRounds "11"]
[EventCountry "HUN"]
[SourceTitle "EXT 2016"]
[Source "ChessBase"]
[SourceDate "2015.10.08"]
[SourceVersion "1"]
[SourceVersionDate "2015.10.08"]
[SourceQuality "1"]
[WhiteTeam "Budapest Vasas"]
[BlackTeam "Budapest Kobanya"]
[WhiteTeamCountry "HUN"]
[BlackTeamCountry "HUN"]

1. e4 e5 2. Nf3 Nc6 3. d4 exd4 4. Bc4 Nf6 5. 0-0 Nxe4 6. Re1 d5 7. Bxd5 Qxd5 8. Nc3 Qh5 9. Nxe4 Be6 10. Bg5 h6 11. Bf6 Be7 12. Bxe7 Nxe7 13. Nxd4 Qxd1 1/2-1/2

[Event "HUN-chT2 Charousek 1213"]
[Site "Hungary"]
[Date "2012.11.18"]
[Round "4"]
[White "Morvay, Miklos"]
[Black "Schmikli, Laszlo"]
[Result "1/2-1/2"]
[WhiteElo "2207"]
[BlackElo "2246"]
[PlyCount "53"]
[EventDate "2012.09.16"]
[EventType "team-tourn"]
[EventRounds "11"]
[EventCountry "HUN"]
[SourceTitle "EXT 2014"]
[Source "ChessBase"]
[SourceDate "2013.11.20"]
[SourceVersion "1"]
[SourceVersionDate "2013.11.20"]
[SourceQuality "1"]
[WhiteTeam "Kobanya Aquarena"]
[BlackTeam "Gyor"]
[WhiteTeamCountry "HUN"]
[BlackTeamCountry "HUN"]

1. e4 d5 2. exd5 Qxd5 3. Nc3 Qa5 4. d4 Nf6 5. Nf3 Bg4 6. Bd2 c6 7. h3 Bh5 8. g4 Bg6 9. Ne5 Nbd7 10. Qe2 e6 11. Bg2 Nxe5 12. dxe5 Nd7 13. f4 h6 14. 0-0-0 0-0-0 15. Kb1 Bb4 16. a3 Bf8 17. Rhf1 Qc7 18. Be3 Nb6 19. Qf2 Bh7 20. Rxd8+ Qxd8 21. Rd1 Qc7 22. a4 Be7 23. a5 Nc4 24. a6 bxa6 25. Qe2 Nxe3 26. Qxe3 Qb6 27. Qxb6 1/2-1/2

[Event "HUN-chT2 Charousek 1112"]
[Site "Hungary"]
[Date "2012.05.06"]
[Round "10"]
[White "Farkas, Gyula"]
[Black "Morvay, Miklos"]
[Result "1-0"]
[WhiteElo "2193"]
[BlackElo "2215"]
[PlyCount "115"]
[EventDate "2011.09.25"]
[EventType "team-tourn"]
[EventRounds "11"]
[EventCountry "HUN"]
[SourceTitle "EXT 2013"]
[Source "ChessBase"]
[SourceDate "2012.11.22"]
[SourceVersion "1"]
[SourceVersionDate "2012.11.22"]
[SourceQuality "1"]
[WhiteTeam "Kisber Aszar"]
[BlackTeam "Budapest MTK"]
[WhiteTeamCountry "HUN"]
[BlackTeamCountry "HUN"]

1. e4 e5 2. Nf3 Nc6 3. Bb5 f5 4. d4 fxe4 5. Bxc6 dxc6 6. Nxe5 Nf6 7. Bg5 Bd6 8. Nd2 0-0 9. 0-0 Qe8 10. f4 e3 11. Ndc4 Nd5 12. Rf3 h6 13. Bh4 Rxf4 14. Rxf4 Nxf4 15. Qf3 Nd5 16. Bg3 Be6 17. Nxe3 Nxe3 18. Qxe3 b6 19. Qe4 Bd5 20. Qg4 c5 21. c3 cxd4 22. cxd4 Qe6 23. Qxe6+ Bxe6 24. b3 a5 25. Nc6 Bxg3 26. hxg3 a4 27. b4 a3 28. d5 Bf7 29. Rd1 Re8 30. Kf2 Bh5 31. Rd2 Re4 32. Nd4 Bf7 33. Nb5 Rxb4 34. Nxc7 Rb2 35. Ke3 Rxd2 36. Kxd2 Kf8 37. Kc3 Ke7 38. Kd4 Kd7 39. Nb5 Bh5 40. Nxa3 Be2 41. Nc4 b5 42. Ne3 g6 43. Kc5 h5 44. a3 Bd3 45. Kd4 Bb1 46. Ke5 Bd3 47. g4 Be2 48. gxh5 gxh5 49. g3 Bf3 50. Nf5 Be2 51. Kd4 Bg4 52. Ne3 Be2 53. Kc5 Bd3 54. Ng2 Be2 55. Nf4 Bf3 56. Ne6 Be2 57. Nd4 Bd3 58. Nxb5 1-0

[Event "HUN-chT2 Charousek 1112"]
[Site "Hungary"]
[Date "2012.03.25"]
[Round "8"]
[White "Bartha, Sandor"]
[Black "Morvay, Miklos"]
[Result "1/2-1/2"]
[WhiteElo "2209"]
[BlackElo "2215"]
[PlyCount "24"]
[EventDate "2011.09.25"]
[EventType "team-tourn"]
[EventRounds "11"]
[EventCountry "HUN"]
[SourceTitle "EXT 2013"]
[Source "ChessBase"]
[SourceDate "2012.11.22"]
[SourceVersion "1"]
[SourceVersionDate "2012.11.22"]
[SourceQuality "1"]
[WhiteTeam "Balatonfuered"]
[BlackTeam "Budapest MTK"]
[WhiteTeamCountry "HUN"]
[BlackTeamCountry "HUN"]

1. Nf3 Nf6 2. b3 g6 3. Bb2 Bg7 4. e3 c5 5. Be2 0-0 6. 0-0 Nc6 7. d4 cxd4 8. Nxd4 d5 9. Nxc6 bxc6 10. Nd2 Re8 11. c4 e5 12. Nf3 Ne4 1/2-1/2

[Event "HUN-chT2 Erkel 0910"]
[Site "Hungary"]
[Date "2010.04.18"]
[Round "10.2"]
[White "Kulcsar, Tamas"]
[Black "Morvay, Miklos"]
[Result "1/2-1/2"]
[WhiteElo "2094"]
[BlackElo "2217"]
[PlyCount "82"]
[EventDate "2009.11.08"]
[EventType "team-tourn"]
[EventRounds "11"]
[EventCountry "HUN"]
[SourceTitle "EXT 2011"]
[Source "ChessBase"]
[SourceDate "2010.11.26"]
[SourceVersion "1"]
[SourceVersionDate "2010.11.26"]
[SourceQuality "1"]
[WhiteTeam "Vizugy"]
[BlackTeam "Budapest MTK"]
[WhiteTeamCountry "HUN"]
[BlackTeamCountry "HUN"]

1. d4 Nf6 2. c4 c5 3. d5 b5 4. cxb5 a6 5. f3 Bb7 6. e4 e6 7. Nc3 exd5 8. exd5 Bd6 9. Bc4 0-0 10. Nge2 Nh5 11. g3 f5 12. 0-0 f4 13. Ne4 Be5 14. g4 axb5 15. Bxb5 Qb6 16. Bc4 Nf6 17. Bxf4 Bxf4 18. Nxf4 Qb4 19. b3 Ba6 20. Nd3 Qb6 21. Qd2 d6 22. Nc3 Nbd7 23. Rae1 Qa5 24. Qc2 Nb6 25. Bxa6 Qxa6 26. Re6 Nbxd5 27. Nxd5 Nxd5 28. Qc4 Qxc4 29. bxc4 Nb6 30. Rxd6 Nxc4 31. Rc6 Nd2 32. Rf2 Nxf3+ 33. Kg2 Nd4 34. Rxf8+ Kxf8 35. Rxc5 Rxa2+ 36. Nf2 Ke7 37. Rc4 Ne6 38. h4 Kd6 39. Kf3 Kd5 40. Rc3 Nd4+ 41. Kg2 Ne6 1/2-1/2

[Event "HUN-chT2 Erkel 0910"]
[Site "Hungary"]
[Date "2010.02.14"]
[Round "6.5"]
[White "Morvay, Miklos"]
[Black "Kustra, Pal"]
[Result "1-0"]
[WhiteElo "2217"]
[BlackElo "2131"]
[PlyCount "109"]
[EventDate "2009.11.08"]
[EventType "team-tourn"]
[EventRounds "11"]
[EventCountry "HUN"]
[SourceTitle "EXT 2011"]
[Source "ChessBase"]
[SourceDate "2010.11.26"]
[SourceVersion "1"]
[SourceVersionDate "2010.11.26"]
[SourceQuality "1"]
[WhiteTeam "Budapest MTK"]
[BlackTeam "Pestszentlorinc"]
[WhiteTeamCountry "HUN"]
[BlackTeamCountry "HUN"]

1. e4 g6 2. d4 Bg7 3. Nc3 d6 4. f4 Nc6 5. Be3 Nf6 6. Nf3 0-0 7. e5 Ng4 8. Bg1 dxe5 9. dxe5 Bf5 10. h3 Qxd1+ 11. Rxd1 Nh6 12. Rd2 Rad8 13. g4 Rxd2 14. Kxd2 Rd8+ 15. Kc1 Be6 16. Ng5 Bc8 17. Bc4 Na5 18. Bd3 f6 19. exf6 exf6 20. Nf3 a6 21. Bc5 b6 22. Rd1 Nf7 23. Bf2 Kf8 24. Bh4 Bb7 25. Ne4 Bxe4 26. Bxe4 Nd6 27. Nd4 Re8 28. Bd5 Re3 29. Ne6+ Kf7 30. Nxc7+ Ke7 31. Bf2 Rxh3 32. Bxb6 Nac4 33. Bc5 Ne3 34. Re1 Kd7 35. Bxe3 Kxc7 36. Bc5 Nc8 37. Re8 Bh6 38. g5 Kd7 39. Be6+ Kxe8 40. Bxh3 fxg5 41. Bxc8 gxf4 42. Bxa6 g5 43. Kd1 Kf7 44. Bc8 Bg7 45. b4 h5 46. b5 Be5 47. Ke2 g4 48. a4 f3+ 49. Kf2 Kf6 50. a5 Kg5 51. a6 h4 52. Be3+ Kh5 53. a7 h3 54. a8Q h2 55. Bxg4+ 1-0

[Event "HUN-chT 0809"]
[Site "Hungary"]
[Date "2009.03.01"]
[Round "9"]
[White "Morvay, Miklos"]
[Black "Restas, Peter"]
[Result "1-0"]
[WhiteElo "2215"]
[BlackElo "2277"]
[PlyCount "67"]
[EventDate "2008.10.26"]
[EventType "team-tourn"]
[EventRounds "11"]
[EventCountry "HUN"]
[SourceTitle "EXT 2010"]
[Source "ChessBase"]
[SourceDate "2010.11.25"]
[SourceVersion "1"]
[SourceVersionDate "2010.11.25"]
[SourceQuality "1"]
[WhiteTeam "Budapest MTK"]
[BlackTeam "Mako"]
[WhiteTeamCountry "HUN"]
[BlackTeamCountry "HUN"]

1. e4 c5 2. d4 e6 3. Nf3 a6 4. c3 d5 5. exd5 exd5 6. dxc5 Bxc5 7. Be2 Nc6 8. Nbd2 Nge7 9. Nb3 Ba7 10. Nfd4 Qd6 11. Be3 0-0 12. Qd2 Re8 13. 0-0-0 Ne5 14. Nc2 Bxe3 15. Nxe3 Be6 16. Nd4 Qc7 17. g3 N5c6 18. Bf3 Nxd4 19. Qxd4 Nc6 20. Qc5 d4 21. Rxd4 Bxa2 22. Rhd1 Re5 23. Qd6 Qxd6 24. Rxd6 Rc8 25. Bxc6 bxc6 26. Rxc6 Rb8 27. Rxa6 Be6 28. Rad6 g5 29. Rd8+ Rxd8 30. Rxd8+ Kg7 31. Kd2 f5 32. f4 gxf4 33. gxf4 Re4 34. Rd4 1-0

[Event "HUN-chT 0809"]
[Site "Hungary"]
[Date "2008.11.30"]
[Round "3"]
[White "Amstadt, Aron"]
[Black "Morvay, Miklos"]
[Result "1-0"]
[WhiteElo "2196"]
[BlackElo "2215"]
[PlyCount "151"]
[EventDate "2008.10.26"]
[EventType "team-tourn"]
[EventRounds "11"]
[EventCountry "HUN"]
[SourceTitle "EXT 2010"]
[Source "ChessBase"]
[SourceDate "2010.11.25"]
[SourceVersion "1"]
[SourceVersionDate "2010.11.25"]
[SourceQuality "1"]
[WhiteTeam "Decs"]
[BlackTeam "Budapest MTK"]
[WhiteTeamCountry "HUN"]
[BlackTeamCountry "HUN"]

1. c4 e5 2. Nc3 Nc6 3. g3 g6 4. Bg2 Bg7 5. e3 Nge7 6. Nge2 Nf5 7. d3 d6 8. Nd5 0-0 9. 0-0 h6 10. Rb1 Kh7 11. b4 a6 12. a4 Be6 13. b5 axb5 14. axb5 Bxd5 15. Bxd5 Na5 16. Bd2 Ne7 17. Bg2 f5 18. Bxa5 Rxa5 19. Bxb7 d5 20. cxd5 Nxd5 21. Qb3 Nf6 22. d4 Nd7 23. Qb4 Ra7 24. Bc6 Nb6 25. dxe5 Ra4 26. Qb3 Bxe5 27. Rfd1 Qe7 28. Rd3 Rf6 29. Nf4 Ra1 30. Rxa1 Bxa1 31. Nd5 Nxd5 32. Rxd5 Rd6 33. Qa3 Bf6 34. Rxd6 Qxd6 35. Qxd6 cxd6 36. b6 Bd8 37. b7 Bc7 38. f4 Kg7 39. Kf2 Kf7 40. Bd5+ Ke7 41. e4 fxe4 42. Ke3 g5 43. f5 g4 44. Kxe4 Kf6 45. Be6 d5+ 46. Kxd5 h5 47. Ke4 h4 48. Bc4 hxg3 49. hxg3 Bxg3 50. Be2 Bh2 51. Bxg4 Bg3 52. Kd5 Ke7 53. Kc6 Bb8 54. Bf3 Bh2 55. Kb6 Bb8 56. Be4 Kf6 57. Bd3 Ke7 58. Bc4 Kf6 59. Be6 Ke7 60. Bc8 Kf6 61. Kc5 Ke7 62. Kd5 Bh2 63. Ke4 Kf6 64. Kf3 Bb8 65. Kg4 Be5 66. Kh5 Bf4 67. Be6 Kg7 68. Kg4 Bc7 69. Kg5 Kf8 70. f6 Bb8 71. Kf5 Bd6 72. Ke4 Ke8 73. Bg8 Kf8 74. Kd5 Bb8 75. Ke6 Bh2 76. f7 1-0

[Event "HUN-chT 0809"]
[Site "Hungary"]
[Date "2008.10.26"]
[Round "1"]
[White "Nemeth, Denes"]
[Black "Morvay, Miklos"]
[Result "0-1"]
[WhiteElo "2139"]
[BlackElo "2215"]
[PlyCount "66"]
[EventDate "2008.10.26"]
[EventType "team-tourn"]
[EventRounds "11"]
[EventCountry "HUN"]
[SourceTitle "CBM 127 Extra"]
[Source "ChessBase"]
[SourceDate "2009.01.08"]
[SourceVersion "2"]
[SourceVersionDate "2009.01.28"]
[SourceQuality "1"]
[WhiteTeam "Haladas"]
[BlackTeam "Budapest MTK"]
[WhiteTeamCountry "HUN"]
[BlackTeamCountry "HUN"]

1. d4 Nf6 2. c4 c5 3. d5 b5 4. a4 bxc4 5. Nc3 e6 6. e4 exd5 7. e5 Qe7 8. Qe2 Ng8 9. Nxd5 Qd8 10. Bf4 Bb7 11. e6 Bxd5 12. exf7+ Kxf7 13. Qh5+ g6 14. Qxd5+ Kg7 15. Be5+ Nf6 16. Qxa8 Bd6 17. Bxd6 Qa5+ 18. Kd1 Re8 19. Nf3 Qb6 20. Be5 Rxe5 21. Nxe5 Qxb2 22. Bxc4 Qxe5 23. Kc2 Qf5+ 24. Bd3 Qxf2+ 25. Kb3 Nc6 26. Rhf1 Qd2 27. Rac1 Qxd3+ 28. Kb2 Qe2+ 29. Rc2 Qxf1 30. Qb7 Nb4 31. Rd2 Qc4 32. Qf3 Qa2+ 33. Kc3 Nfd5+ 0-1